Statistiques concernant Quiz Rap FR #2 - Zola

Cliquez ici pour prendre le quiz!

Statistiques générales

  • Ce quiz a été pris 572 fois
  • Le résultat moyen est 8 sur 13

Statistiques - réponses

InstructionsRéponses% Correct
NomN'Zuzi Zola
91%
NationalitéFrançais
87%
Année de naissance1999
81%
Titre de son premier albumCicatrices
80%
Sa villeEvry
76%
PrénomAurélien
74%
Titre de son second albumSurvie
69%
Les mots qui sortent tout seul en anglais c'est...trop reulou trop relou
64%
OrigineCongolais
61%
Son surnomZolaski
52%
Son labelAWA
47%
Marque de moto favoriteHonda
42%
Sa taille6 sacoches
19%

Distribution des résultats

Percentile par nombre de réponses

% des personnes avec chaque résultat

Votre développement - résultats

Vous n’avez pas pris ce quiz